00369nam a2200097Ia 45000010005000000080041000050820017000461000124000632450069001872600015002562959241024s9999 xx 000 0 und d aRD/378/UN58p aUniversidad Autónoma de Santo Domingo. Comisión Ejecutiva para la reforma y transformación universitaria, (CERTU) 0a6 preguntas sobre la reforma y la transformación universitaria bUASDc2008